غزل کل یات / (Record no. 189688)
[ view plain ]
| 000 -LEADER | |
|---|---|
| fixed length control field | 00601nam a22001817a 4500 |
| 005 - DATE AND TIME OF LATEST TRANSACTION | |
| control field | 20220711120442.0 |
| 010 ## - LCCN (DPL NO) | |
| LC control number | UR-11640 |
| 020 ## - INTERNATIONAL STANDARD BOOK NUMBER | |
| International Standard Book Number | 9789393785084 |
| Terms of availability | 400.00 |
| 035 ## - SYSTEM CONTROL NUMBER | |
| System control number | U-10195 |
| 037 ## - SOURCE OF ACQUISITION | |
| Source of stock number/acquisition | DBAD/PUB |
| Stock number | - |
| 082 ## - DEWEY DECIMAL CLASSIFICATION NUMBER | |
| Classification number | 841.08 |
| 245 ## - TITLE STATEMENT | |
| Title | غزل کل یات / |
| Statement of responsibility, etc | مرتب - سید احمد شمیم |
| 246 ## - VARYING FORM OF TITLE | |
| Title proper/short title | Ghazal Kulliyaat / |
| Remainder of title | compiled by Syed Ahmed Shamim |
| 260 ## - PUBLICATION, DISTRIBUTION, ETC. (IMPRINT) | |
| Place of publication, distribution, etc | New Delhi |
| Name of publisher, distributor, etc | Educational Publishing House |
| Date of publication, distribution, etc | 2022 ء |
| 270 ## - ADDRESS | |
| Address | H.o. D1/16, Ansari Road, Daryaganj |
| City | New Delhi |
| Postal code | 110002 |
| 300 ## - PHYSICAL DESCRIPTION | |
| Extent | 224 ص |
| Dimensions | 22cm(Hb) |
| 942 ## - ADDED ENTRY ELEMENTS (KOHA) | |
| Source of classification or shelving scheme | Dewey Decimal Classification |
| Item type | Urdu Bks |
| Classification part | 841.08 |
| Call number suffix | غ ز ل |
| Withdrawn status | Lost status | Not for loan | Collection code | Home library | Current library | Date acquired | Source of acquisition | Cost, normal purchase price | Full call number | Barcode | Copy number | Cost, replacement price | Koha item type |
|---|---|---|---|---|---|---|---|---|---|---|---|---|---|
| Non-fiction | Central Library | Central Library | 11/07/2022 | DBAD/PUB | 400.00 | 841.08 غ ز ل | U-10195 | 1 | 400.00 | Urdu Bks |
